000 00607nam a2200205Ia 4500
008 140626s9999 xx 000 0 und d
100 _aUcbasaran, Deniz.
245 _aLife after business failure :
_b the process and consequences of business failure for entrepreneurs /
_cDeniz Ucbasaran ... [et al.].
260 _cc2013.
300 _a39 : 1, page 163
440 _aJournal of Management
521 _aBSBA
650 _aBusiness failure.
650 _aCosts of failure.
650 _aEmotions.
650 _aEntrepreneurs.
650 _aLearning.
650 _aSense making.
942 _cSE
999 _c121008
_d121008